Daně z příjmů 2000

Úplné znenie zákona č. 586/1992 Zb. o daniach z príjmov, v znení neskorších predpisov, v Českej republike. Príloha k zákonu ČNR č. 586/1992 Zb.

Gespeichert in:
Bibliographische Detailangaben
1. Verfasser: Nesnídal, Jiří
Format: Buchkapitel
Sprache:Tschechisch
Schlagworte:
Tags: Tag hinzufügen
Keine Tags, Fügen Sie das erste Tag hinzu!

MARC

LEADER 00000naa a2200000 4500
001 r037243
005 20230920100816.4
041 0 |a cze 
044 |a CZ 
245 1 0 |a Daně z příjmů 2000  |c Jiří Nesnídal 
520 |a Úplné znenie zákona č. 586/1992 Zb. o daniach z príjmov, v znení neskorších predpisov, v Českej republike. Príloha k zákonu ČNR č. 586/1992 Zb. 
610 2 0 |a dane z príjmov 
610 2 0 |a daňovníci 
610 2 0 |a zdaňovanie 
610 2 0 |a zákony 
610 2 0 |a Česko 
100 1 |a Nesnídal, Jiří